Las 100 ciudades más grandes de Argentina en un mapa - Estadísticas

Estadísticas generales
  • Esta prueba ha sido intentada 44 veces
  • La puntuación promedio es 57 de 100
Respuestas en el mapa
Las respuestas están codificadas por una escala verde-roja en el mapa de la prueba según el % correcto abajo.
 
Estadísticas de respuestas
Población Ciudad % Correcto
3.121.707 Buenos Aires
95%
643.133 La Plata
95%
114.893 Mendoza
95%
948.312 Rosario
93%
169.947 San Luis
93%
1.317.298 Córdoba
90%
593.337 Mar del Plata
90%
520.683 Salta
90%
548.866 San Miguel de Tucumán
90%
222.226 Formosa
88%
109.305 San Carlos de Bariloche
88%
257.970 San Salvador de Jujuy
88%
252.192 Santiago del Estero
88%
291.327 Bahía Blanca
86%
275.028 Posadas
86%
95.796 Río Gallegos
86%
109.123 San Juan
86%
391.164 Santa Fe
83%
175.196 Comodoro Rivadavia
81%
346.334 Corrientes
81%
178.872 La Rioja
81%
159.139 Catamarca
79%
231.198 Neuquén
79%
290.723 Resistencia
79%
102.860 Santa Rosa
79%
247.139 Paraná
71%
157.010 Río Cuarto
71%
81.315 Puerto Madryn
69%
97.915 Trelew
69%
342.677 Avellaneda
64%
459.263 Lanús
64%
582.943 Quilmes
64%
109.424 Rawson
64%
66.475 Río Grande
64%
118.009 San Rafael
64%
1.775.272 La Matanza
62%
97.363 Luján
62%
276.190 San Miguel
62%
133.602 San Nicolás de los Arroyos
62%
116.916 Tandil
62%
84.784 Necochea
60%
79.476 San Martín
60%
370.913 Tigre
60%
75.437 Venado Tuerto
60%
98.522 Zárate
60%
80.614 Gualeguaychú
57%
527.658 Merlo
57%
91.571 Rafaela
57%
87.509 Junín
55%
149.450 Concordia
52%
81.534 General Roca
52%
191.299 Godoy Cruz
52%
616.279 Lomas de Zamora
52%
63.960 Oberá
52%
160.284 San Fernando
52%
61.750 San Francisco
52%
79.351 Villa María
52%
162.475 Ezeiza
50%
106.441 La Banda
50%
269.420 Vicente López
50%
111.391 Villa Mercedes
50%
86.860 Campana
48%
72.528 Concepción del Uruguay
48%
71.606 Goya
48%
452.505 Moreno
48%
91.399 Pergamino
48%
59.131 San Pedro
48%
62.423 Villa Carlos Paz
48%
321.109 Morón
45%
89.721 Olavarría
45%
296.826 Pilar
45%
89.882 Presidencia Roque Sáenz Peña
45%
426.005 Florencio Varela
43%
70.549 Reconquista
43%
292.878 San Isidro
43%
87.698 Berisso
40%
106.662 Maipú
40%
63.196 Tartagal
40%
77.713 Cipolletti
38%
324.156 Berazategui
36%
252.618 Guaymallén
36%
167.824 Ituzaingó
36%
265.981 José C. Paz
36%
340.071 Tres de Febrero
36%
212.208 Escobar
33%
189.067 Las Heras
33%
76.070 San Ramón de la Nueva Orán
33%
65.684 Santo Tomé
33%
552.139 Almirante Brown
31%
82.615 Luján de Cuyo
31%
300.745 Esteban Echeverría
29%
181.241 Hurlingham
29%
322.375 Malvinas Argentinas
29%
80.769 Villa Gobernador Gálvez
29%
80.824 Presidente Perón
26%
82.582 Rivadavia
26%
63.226 Banda del Río Salí
21%
85.315 General Rodríguez
21%
87.258 Chimbas
19%
414.196 General San Martín
12%
No se encontraron pruebas coincidentes
Distribución de puntuación
Porcentaje de gente con cada puntuación
Porcentaje por número respondido
Historial de tus puntuaciones
No has intentado esta prueba.